Представление документа в формате RUSMARC

ПолеНазваниеЗначение
  Тип записи a
  Библиографический уровень m
001 Контрольный номер RU/SLIB/B/208728824
005 Дата корректировки 20240115091051.3
010 Индекс ISBN __
d Цена 1-80
100 Данные общей обработки __
a Данные общей обработки 20230627d1988 m y0rusy028902 ca
101 Язык документа 0_
a Язык текста rus
102 Страна публикации __
a Страна публикации RU
105 Кодированные данные (монография) __
a Кодированные данные (монография) a z 000yc
181 Поле кодированных данных: вид содержания _0
a Код вида содержания (ISBD) i
182 Поле кодированных данных: тип средства _0
a Код типа средства (ISBD) n
200 Заглавие и сведения об ответственности 0_
a Заглавие За тридевять Земель
f Первые сведения об ответственности И. Ю. Скарбек ; послесл. А. И. Алексеева ; худож. И. С. Кусков
b Общее обозначение материала Текст
210 Выходные данные 1_
a Место издания М.
c Издательство Молодая гвардия
d Дата издания 1988
215 Физическое описание __
a Объем 224 с.
c Иллюстрации/тип воспроизводства ил.
330 Аннотация __
a Аннотация Легенды и были Нового света, увлекательные приключения на суше и океанских просторах, сложные перипетии соперничества различных государств на Американском континенте, героическая борьба свободолюбивых индейцев за свою независимость нашли отражение в книге И. Ю. Скарбека. Богатая фантазия и обширный документальный материал помогли автору воссоздать яркие образы наших соотечественников-землепроходцев, запоминающиеся картины жизни и быта Русской Америки, которой посвящена основная часть книги. Богато иллюстрированная книга адресована массовому читателю.
600 Персоналии _1
a Персоналии (Фамилия) Баранов
2 Код системы nlr_sh
b Персоналии (Имя) А. А.
600 Персоналии _1
a Персоналии (Фамилия) Лазарев
2 Код системы nlr_sh
b Персоналии (Имя) М. П.
600 Персоналии _1
a Персоналии (Фамилия) Головнин
2 Код системы nlr_sh
b Персоналии (Имя) В. М.
606 Тематические рубрики __
a Основная рубрика История
y Географическая подрубрика Россия; Америка; Аляска; Исландия
2 Код системы nlr_sh
606 Тематические рубрики __
a Основная рубрика Россия в XVIII в. - 1917 г.
2 Код системы nlr_sh
610 Ключевые слова 0_
a Ключевые слова путешествия; церкви; открытия; первооткрыватели; историческая литература
686 Индексы других классификаций __
a Классификационный индекс 63.3(2)521; ст63.3(2)521
2 Код системы rubbks
700 Автор _1
a Фамилия Скарбек
b Имя И. Ю.
4 Код отношения 070
g Полное личное имя Игорь Юрьевич
702 Вторичная интеллектуальная ответственность _1
a Фамилия Алексеев
b Имя А. И.
4 Код отношения 080
f Даты 1921-1993
g Полное личное имя Александр Иванович
702 Вторичная интеллектуальная ответственность _1
a Фамилия Кусков
b Имя И. С.
4 Код отношения 440
f Даты 1927-1997
g Полное личное имя Иван Сергеевич
801 Источник записи _0
a Страна RU
b Организация Муниципальное бюджетное учреждение культуры "Централизованная библиотечная система" г. Сургут (Центральная городская библиотека им. А. С. Пушкина)
g Правила каталогизации PSBO
801 Источник записи _1
a Страна RU
b Организация Муниципальное бюджетное учреждение культуры "Централизованная библиотечная система" г. Сургут (Центральная городская библиотека им. А. С. Пушкина)
g Правила каталогизации PSBO
852 Данные о местонахождении __
j Шифр хранения 63.3(2)521
c Каталожный индекс 63.3(2)47
i Авторский знак С 42
p Инвентарный номер 35329
901 Тип документа __
t Тип документа m
a Ответственный КиК/Елгина
901 Тип документа __
a Ответственный СКБР2024
903 Характеристики (МАРС) __
c Наименование библиотеки (МАРС) Муниципальное бюджетное учреждение культуры "Централизованная библиотечная система" г. Сургут (Центральная городская библиотека им. А. С. Пушкина)
990 Данные о заказе (DOS) __
j Количество экземпляров (DOS) 1